The Rolling Stones Title in the Lyrics Quiz #1 - Statistics

General Stats
  • This quiz has been taken 35 times
  • The average score is 12 of 20
Answer Stats
Song Lyric % Correct
{You} {can't} {always} {get} {what} {you} {want} / But if you try sometimes, well, you might find, / You get what you need
96%
But it's all right now, in fact, it's a gas/ But it's all right, I'm {Jumpin} {Jack} {Flash}
89%
I cant get no {satisfaction}, I can't get no girl reaction / 'Cause I try and I try and I try and I try
89%
I'll never be your {beast} {of} {burden} / I need no fussing, I need no nursing
89%
{Wild} {horses} / Couldn't drag me away
89%
{Brown} {sugar} how come you taste so good? / {Brown} {sugar} just like a young girl should
86%
Goodbye, {Ruby} {Tuesday} / Who could hang a name on you?
82%
Down to me, the change has come / She's {under} {my} {thumb}
79%
{Start} {me} {up}, give it all you got / You got to never, never, never stop
79%
You got to roll me and call me the {tumbling} {dice}
68%
I need a love to keep me {happy} / Baby, baby keep me {happy}
50%
{Let's} {spend} {the} {night} {together} / Now I need you more than ever
50%
'Cause in a sleepy London town /There's just no place for a {street} {fighting} {man}
46%
Did you hear about the {midnight} {rambler}? / Everybody got to go
46%
Send me {dead} {flowers} by the mail / Send me {dead} {flowers} to my wedding
46%
I've been sleepin' all alone / Lord, I {miss} {you}
43%
You got my heart, you got my soul / {You} {got} {the} {silver}, you got the gold
32%
I want you to come on down, come on down {Sweet} {Virginia} / I want you come on, honey child, I beg of you
25%
You'll never break it, darling / You won't break this {heart} {of} {stone}
21%
We spent a lonely night at the {memory} {motel} / It's on the ocean, I guess you know it well
18%
No matching quizzes found
Score Distribution
Percent of People with Each Score
Percentile by Number Answered
Your Score History
You have not taken this quiz